Welcome to WEB OPAC of MRSPTU Central Library

TCP/IP protocol suite (Record no. 4533)

MARC details
000 -LEADER
fixed length control field 00393nam a2200157Ia 4500
008 - FIXED-LENGTH DATA ELEMENTS--GENERAL INFORMATION
fixed length control field 230711s9999||||xx |||||||||||||| ||und||
041 ## - LANGUAGE CODE
Language code of text/sound track or separate title ENG
082 ## - DEWEY DECIMAL CLASSIFICATION NUMBER
Classification number 4
Item number FO-T
100 ## - MAIN ENTRY--PERSONAL NAME
Personal name Forouzan,Behrouz A
245 #0 - TITLE STATEMENT
Title TCP/IP protocol suite
250 ## - EDITION STATEMENT
Edition statement 3rd . Ed.
260 ## - PUBLICATION, DISTRIBUTION, ETC.
Date of publication, distribution, etc. 2006
Place of publication, distribution, etc. New Delhi
Name of publisher, distributor, etc. Tata McGraw Hill Education Limited
300 ## - PHYSICAL DESCRIPTION
Extent 861
650 ## - SUBJECT ADDED ENTRY--TOPICAL TERM
Topical term or geographic name entry element Computer Engineering
942 ## - ADDED ENTRY ELEMENTS (KOHA)
Koha item type Book
Holdings
Withdrawn status Lost status Damaged status Not for loan Collection Home library Current library Date acquired Total checkouts Full call number Barcode Date last seen Price effective from Koha item type Cost, normal purchase price Inventory number
          MRSPTU Central Library MRSPTU Central Library     4 FO-T 15582 08/17/2023 08/17/2023 Book    
          MRSPTU Central Library MRSPTU Central Library     4 FO-T 15583 08/17/2023 08/17/2023 Book    
          MRSPTU Central Library MRSPTU Central Library     4 FO-T 15584 08/17/2023 08/17/2023 Book    
          MRSPTU Central Library MRSPTU Central Library     4 FO-T 15585 08/17/2023 08/17/2023 Book    
          MRSPTU Central Library MRSPTU Central Library     4 FO-T 15586 08/17/2023 08/17/2023 Book    
          MRSPTU Central Library MRSPTU Central Library     4.62 FO-T 32805 08/17/2023 08/17/2023 Book 699.00 3742517
          MRSPTU Central Library MRSPTU Central Library     4.62 FO-T 32806 08/17/2023 08/17/2023 Book 699.00 3742517
          MRSPTU Central Library MRSPTU Central Library     4.62 FO-T 32807 08/17/2023 08/17/2023 Book 699.00 3742517
          MRSPTU Central Library MRSPTU Central Library     4.62 FO-T 32808 08/17/2023 08/17/2023 Book 699.00 3742517
          MRSPTU Central Library MRSPTU Central Library     4.62 FO-T 32809 08/17/2023 08/17/2023 Book 699.00 3742517
          MRSPTU Central Library MRSPTU Central Library     4.62 FO-T 32810 08/17/2023 08/17/2023 Book 699.00 3742517
          MRSPTU Central Library MRSPTU Central Library     4.62 FO-T 32811 08/17/2023 08/17/2023 Book 699.00 3742517
          MRSPTU Central Library MRSPTU Central Library     4.62 FO-T 32812 08/17/2023 08/17/2023 Book 699.00 3742517
          MRSPTU Central Library MRSPTU Central Library     4.62 FO-T 32813 08/17/2023 08/17/2023 Book 699.00 3742517
          MRSPTU Central Library MRSPTU Central Library     4.62 FO-T 32814 08/17/2023 08/17/2023 Book 699.00 3742517

Website Designed and Developed by MRSPTU Central Library Team

E-mail Id: librarian@mrsptu.ac.in